|
|
|
|
| LEADER |
00000nab a2200000 a 4500 |
| 001 |
vtls008874524 |
| 003 |
SK-MaSNL |
| 005 |
20260304150000.0 |
| 008 |
250505c2005 xo 0 slo |
| 015 |
|
|
|a SNBCL2005/5
|
| 035 |
|
|
|a SLK036510
|
| 035 |
|
|
|a urn:nbn:sk:snk-abae4i
|
| 035 |
|
|
|a (urnnbn)urn:nbn:sk:snk:ar-a0a0jq
|
| 035 |
|
|
|a (uuid)541edd02-7dd0-4483-bd02-7b43c98ccb10
|
| 040 |
|
|
|a SNKBUCL
|b slo
|c SNKBUCL
|e AACR2
|
| 041 |
0 |
|
|a slo
|b eng
|b slo
|
| 044 |
|
|
|a xo
|c SK
|
| 080 |
|
|
|a 616-008.9-06:616.151.514
|2 1981
|
| 100 |
1 |
|
|a Remková, Anna,
|d 1954-
|4 aut
|9 197015
|
| 245 |
1 |
0 |
|a Protrombotický stav ako súčasť metabolického syndrómu
|c A. Remková
|
| 246 |
1 |
0 |
|a Prothrombotic status as part of metabolic syndrome
|
| 246 |
1 |
1 |
|a Prothrombotic status as part of metabolic syndrome
|
| 504 |
|
|
|a Res. angl., slov.
|
| 504 |
|
|
|a Bibliogr. odkazy
|
| 650 |
0 |
7 |
|a syndróm inzulínovej rezistencie
|2 MESH
|9 15384
|
| 650 |
0 |
7 |
|a inzulínová rezistencia
|2 MESH
|9 81394
|
| 650 |
0 |
7 |
|a endotel cievny
|x patofyziológia
|2 MESH
|9 1211188
|
| 650 |
0 |
7 |
|a poruchy hemokoagulačné
|x patofyziológia
|2 MESH
|9 1469571
|
| 650 |
0 |
7 |
|a fibrinolýza
|x účinky liekov
|2 MESH
|9 1309025
|
| 650 |
0 |
7 |
|a hypertenzia
|2 MESH
|9 2490
|
| 650 |
0 |
7 |
|a trombocyty
|2 MESH
|9 21049
|
| 773 |
0 |
|
|t Vnitřní lékařství
|g Roč. 51, č. 10 (2005), s. 1120-1125
|x 0042-773X
|
| 850 |
|
|
|a Slovenská národná knižnica
|
| 852 |
|
|
|a Slovenská národná knižnica
|
| 954 |
|
|
|a odborná, vedecká literatúra pôvodná (slovenská)
|2 lita
|
| 958 |
|
|
|a article14
|
| 958 |
|
|
|a OND
|
| 958 |
|
|
|a EUIPO
|
| 999 |
|
|
|c 2937639
|d 2939569
|